Přírodní kapitál v kontextu řízení přechodových (tranzitivních) a fyzických rizik

Finančné inštitúcie a regulátori venujú stále väčšiu pozornosť klimatickým a environmentálnym rizikám, ktoré môžu mať zásadný vplyv na finančnú stabilitu a konkurencieschopnosť podnikov. Tieto faktory nielen zvyšujú úverové riziko, hlavne u subjektov ohrozených prechodovými (tranzitívnymi) a fyzický...

Ausführliche Beschreibung

Gespeichert in:
Bibliographische Detailangaben
1. Verfasser: Sosnytska, Alina
Format: Buchkapitel
Sprache:Tschechisch
Schlagworte:
Tags: Tag hinzufügen
Keine Tags, Fügen Sie das erste Tag hinzu!

MARC

LEADER 00000naa a2200000 4500
001 0312217
005 20250912123547.4
041 0 |a cze 
044 |a CZ 
245 1 0 |a Přírodní kapitál v kontextu řízení přechodových (tranzitivních) a fyzických rizik  |c Alina Sosnytska 
520 |a Finančné inštitúcie a regulátori venujú stále väčšiu pozornosť klimatickým a environmentálnym rizikám, ktoré môžu mať zásadný vplyv na finančnú stabilitu a konkurencieschopnosť podnikov. Tieto faktory nielen zvyšujú úverové riziko, hlavne u subjektov ohrozených prechodovými (tranzitívnymi) a fyzickými rizikami, ale zároveň otvárajú nové obchodné príležitosti. Banky a investori preto stále častejšie hľadajú spôsoby, ako podporiť klientov v prechode na udržateľnejšie obchodné modely, čím nielen znižujú rizikovosť portfólia, ale zároveň prispievajú k transformácii ekonomiky smerom k dlhodobej udržateľnosti. 
610 2 0 |a sektor finančný 
610 2 0 |a riziko 
610 2 0 |a environmentalistika 
610 2 0 |a udržateľnosť 
610 2 0 |a regulácia 
100 1 |a Sosnytska, Alina